000 00660nam a2200277Ia 4500
005 20260324135042.0
008 008 260324s9999 xx 000 0 eng d
020 _a9780203357644
037 _aEBOOK
040 _aCRL
040 _beng
040 _cCRL
041 _2eng
041 _aeng
084 _qCRL
100 _aNick Georgano
_91199154
245 4 _aThe Beaulieu Encyclopedia of the Automobile: Coachbuilding
260 _bTaylor and Francis
260 _c2001
365 _a
365 _b350
856 _uhttp://www.taylorfrancis.com/books/9780203357644
942 _cEBOOK
999 _c1799846
_d1799846